| 000 | 01249nam a2200361 4500 | ||
|---|---|---|---|
| 003 | EG-GICUC | ||
| 005 | 20260121101330.0 | ||
| 008 | 251122s1935 gw dob|fr|||| 00| 0 ger d | ||
| 040 |
_aEG-GiCUC _bger _cEG-GiCUC _dEG-GiCUC _erda |
||
| 041 | _ager | ||
| 082 | 0 | 4 |
_221 _a341.3 _bH A . G |
| 092 | 0 | 4 | _221 |
| 099 | _aLaw1 11 341.3 H A . G 25 ed -1935 | ||
| 100 | 1 |
_aKjellén, Rudolf _eAuthor. |
|
| 245 |
_a Die Grossmächte vor und nach dem Weltkriege / _cRudolf Kjellén. |
||
| 250 |
_a Fünfundzwanzigete Auflage der Grossmächte Rudolf Kjelléns, _b Vierte Auflage der Neubearbeitung. |
||
| 264 |
_aLeipzig und Berlin : _bB. G. Teubner, _c1935. |
||
| 300 |
_a351 pages ; _bKarten; Bilder; Diagramme; _c24 cm. |
||
| 336 |
_2rda content _atext |
||
| 337 |
_2rda media _aComputer |
||
| 338 |
_2rda carrier _aOnline Resource |
||
| 504 | _aLiteratur" 341 -351 | ||
| 546 | _a Text in German | ||
| 650 | 1 |
_aInternationale Beziehungen _2qrmak |
|
| 651 | 1 | _2qrmak | |
| 700 | 1 |
_aHaushofer, Kar _eeditor. |
|
| 700 | 1 |
_aObst, Erich _eContributor |
|
| 700 | 1 |
_aMaull, Otto _eContributor |
|
| 700 | 1 |
_aHassinger, Hugo _eContributor |
|
| 856 | 4 | 0 | _uhttps://fll.law.cu.edu.eg/fulltext/bks/B11-06114.pdf |
| 905 |
_a75 _eYara |
||
| 942 |
_2ddc _n0 _cBK _e21 |
||
| 999 |
_c45265 _d45265 |
||